[Event "Bad Soden U18 op 5th"]
[Site "Bad Soden"]
[Date "2018.10.01"]
[Round "4.9"]
[White "Schubert, Ansgar"]
[Black "Gertel, Josef"]
[Result "1-0"]
[WhiteElo "1116"]
[BlackElo "1291"]
[PlyCount "45"]
[EventDate "2018.09.30"]
[EventType "swiss"]
[EventRounds "9"]
[EventCountry "GER"]
[SourceTitle "EXT 2020"]
[Source "ChessBase"]
[SourceDate "2019.10.17"]
[SourceVersion "1"]
[SourceVersionDate "2019.10.17"]
[SourceQuality "1"]

1. e4 e5 2. Nf3 Nc6 3. Bb5 d6 4. 0-0 Bd7 5. c3 Nf6 6. Re1 Na5 7. Ba4 Bxa4 8. Qxa4+ Nc6 9. d4 Nd7 10. Be3 Nb6 11. Qb3 Qd7 12. Qc2 Ne7 13. Nbd2 f5 14. dxe5 dxe5 15. Nxe5 Qe6 16. Ndf3 Nd7 17. Bf4 g6 18. Ng5 Qf6 19. Nxd7 Kxd7 20. Rad1+ Kc8 21. Qd3 Bh6 22. Qd7+ Kb8 23. Qxc7# 1-0

[Event "Bad Soden U18 op 5th"]
[Site "Bad Soden"]
[Date "2018.09.30"]
[Round "2.7"]
[White "Schubert, Ansgar"]
[Black "Le, Tung Lam"]
[Result "1-0"]
[WhiteElo "1116"]
[BlackElo "1371"]
[PlyCount "77"]
[EventDate "2018.09.30"]
[EventType "swiss"]
[EventRounds "9"]
[EventCountry "GER"]
[SourceTitle "EXT 2020"]
[Source "ChessBase"]
[SourceDate "2019.10.17"]
[SourceVersion "1"]
[SourceVersionDate "2019.10.17"]
[SourceQuality "1"]

1. e4 c5 2. Nf3 e6 3. d4 cxd4 4. Nxd4 Nc6 5. Bc4 Nf6 6. Nc3 Be7 7. 0-0 0-0 8. Re1 d5 9. Bb5 a6 10. Bxc6 bxc6 11. Nxc6 Qc7 12. Nxe7+ Qxe7 13. exd5 Qd6 14. dxe6 Qxd1 15. exf7+ Kxf7 16. Rxd1 Bf5 17. Bg5 Bxc2 18. Rd2 Bf5 19. Bxf6 Kxf6 20. Rd4 Rfd8 21. Rf4 g5 22. Rf3 Kg6 23. Re1 Rd2 24. Re2 Rxe2 25. Nxe2 Bg4 26. Re3 Rd8 27. Nc3 Rd2 28. f3 Bd7 29. Re2 Rd6 30. Re1 Bc6 31. Rd1 Re6 32. Ne4 Bxe4 33. fxe4 Kf6 34. Kf2 Ke5 35. Ke3 Rb6 36. b3 Rb5 37. Rd7 h6 38. Rf7 Ke6 39. Rh7 1-0

[Event "Bad Soden U18 op"]
[Site "Bad Soden"]
[Date "2017.10.03"]
[Round "9"]
[White "Arnold, Jan"]
[Black "Schubert, Ansgar"]
[Result "0-1"]
[WhiteElo "1441"]
[BlackElo "1135"]
[PlyCount "124"]
[EventDate "2017.09.30"]
[EventType "swiss"]
[EventRounds "9"]
[EventCountry "GER"]
[SourceTitle "EXT 2018"]
[Source "ChessBase"]
[SourceDate "2017.10.13"]
[SourceVersion "1"]
[SourceVersionDate "2017.10.13"]
[SourceQuality "1"]

1. c4 e5 2. Nc3 Bc5 3. g3 Nf6 4. Bg2 d6 5. e3 Be6 6. Bxb7 Nbd7 7. Bxa8 Qxa8 8. Nf3 Bg4 9. Nb5 Qb7 10. Nxc7+ Qxc7 11. h3 Bf5 12. Nh4 Qb7 13. f3 Be6 14. d4 Bb4+ 15. Bd2 g5 16. d5 gxh4 17. dxe6 fxe6 18. Bxb4 Qxb4+ 19. Qd2 Qxd2+ 20. Kxd2 hxg3 21. Rhg1 Rg8 22. Rad1 e4 23. f4 d5 24. cxd5 exd5 25. Rc1 Ke7 26. Rc7 Rg6 27. Rxa7 Kf7 28. a4 Ke6 29. a5 Kf5 30. Rg2 d4 31. Rb7 dxe3+ 32. Kxe3 Nd5+ 33. Kd4 Nxf4 34. a6 Rxa6 35. Rb5+ Kf6 36. Rxg3 Ne2+ 37. Kxe4 Nxg3+ 38. Kf4 Nh5+ 39. Rxh5 Kg6 40. Rg5+ Kf6 41. Rh5 Kg6 42. Rg5+ Kf6 43. Rh5 Ra4+ 44. Ke3 Kg6 45. Rd5 Nf6 46. Rd3 Rh4 47. Kd2 Ne4+ 48. Ke3 Ng5 49. Kf2 Nxh3+ 50. Kg3 Kh5 51. Rd5+ Ng5 52. Re5 Rb4 53. Re2 Ne4+ 54. Kf3 Kg5 55. Rh2 h5 56. Rg2+ Kf5 57. Ke3 Rb3+ 58. Ke2 Rxb2+ 59. Kf3 Rxg2 60. Kxg2 Kg4 61. Kh2 h4 62. Kh1 Kg3 0-1